|
|
|
|
| LEADER |
00000cam a2200000 c 4500 |
| 001 |
1605154105 |
| 003 |
DE-627 |
| 005 |
20251225192235.0 |
| 007 |
tu |
| 008 |
070426s2005 sa ||||| 00| ||eng c |
| 010 |
|
|
|a 006357025
|
| 020 |
|
|
|a 1869140435
|9 1-86914-043-5
|
| 020 |
|
|
|a 9781869140434
|c : pbk.
|9 978-1-86914-043-4
|
| 035 |
|
|
|a (DE-627)1605154105
|
| 035 |
|
|
|a (DE-576)264192303
|
| 035 |
|
|
|a (DE-599)BSZ264192303
|
| 035 |
|
|
|a (OCoLC)238735842
|
| 040 |
|
|
|a DE-627
|b ger
|c DE-627
|e rakwb
|
| 041 |
|
|
|a eng
|
| 044 |
|
|
|c XC-ZA
|
| 050 |
|
0 |
|a HV8272.A3
|
| 082 |
0 |
|
|a 363.20968
|
| 084 |
|
|
|a MI 65950
|2 rvk
|0 (DE-625)rvk/122978:12227
|
| 084 |
|
|
|a MF 9500
|2 rvk
|0 (DE-625)rvk/122811:
|
| 100 |
1 |
|
|a Marks, Monique
|0 (DE-588)1372592164
|0 (DE-627)1931909407
|4 aut
|
| 109 |
|
|
|a Marks, Monique
|
| 245 |
1 |
0 |
|a Transforming the robocops
|b changing police in South Africa
|c Monique Marks
|
| 264 |
|
1 |
|a Scotsville, South Africa
|b University of KwaZulu-Natal Press
|c 2005
|
| 300 |
|
|
|a XVI, 291 S.
|b Ill.
|c 25 cm
|
| 336 |
|
|
|a Text
|b txt
|2 rdacontent
|
| 337 |
|
|
|a ohne Hilfsmittel zu benutzen
|b n
|2 rdamedia
|
| 338 |
|
|
|a Band
|b nc
|2 rdacarrier
|
| 500 |
|
|
|a Includes bibliographical references (p. 264-284) and index
|
| 583 |
1 |
|
|a Archivierung prüfen
|c 20200919
|f DE-640
|z 1
|2 pdager
|
| 650 |
|
0 |
|a Police
|x South Africa
|
| 650 |
|
0 |
|a Police administration
|x South Africa
|
| 653 |
|
0 |
|a South African Police Service
|
| 689 |
0 |
0 |
|d g
|0 (DE-588)4078012-0
|0 (DE-627)106078739
|0 (DE-576)209206934
|a Südafrika
|2 gnd
|
| 689 |
0 |
1 |
|d s
|0 (DE-588)4046595-0
|0 (DE-627)106197525
|0 (DE-576)209070196
|a Polizei
|2 gnd
|
| 689 |
0 |
2 |
|d s
|0 (DE-588)4115716-3
|0 (DE-627)10581220X
|0 (DE-576)209495499
|a Reform
|2 gnd
|
| 689 |
0 |
|
|5 (DE-627)
|
| 889 |
|
|
|w (DE-627)510926304
|
| 935 |
|
|
|a mkri
|
| 935 |
|
|
|i mdedup
|
| 936 |
r |
v |
|a MI 65950
|b Sicherheit (Polizei, Geheimdienste, Verfassungsschutz)
|k Politologie
|k Politische Systeme einzelner Länder
|k Afrika, Lateinamerika, Australien
|k Afrika insgesamt,Subsaharisches Afrika
|k Südafrika
|k Republik Südafrika
|k Einzelne politische Sachgebiete
|k Sicherheit (Polizei, Geheimdienste, Verfassungsschutz)
|0 (DE-627)1271980819
|0 (DE-625)rvk/122978:12227
|0 (DE-576)201980819
|
| 936 |
r |
v |
|a MF 9500
|b Innere Sicherheit (Polizei, Verfassungsschutz, Geheimdienst)
|k Politologie
|k Politische Systeme: einzelne Elemente
|k Politische Sachgebiete
|k Innere Sicherheit (Polizei, Verfassungsschutz, Geheimdienst)
|0 (DE-627)1271205475
|0 (DE-625)rvk/122811:
|0 (DE-576)201205475
|
| 951 |
|
|
|a BO
|
| ELC |
|
|
|b 1
|
| LOK |
|
|
|0 000 xxxxxcx a22 zn 4500
|
| LOK |
|
|
|0 001 3109162970
|
| LOK |
|
|
|0 003 DE-627
|
| LOK |
|
|
|0 004 1605154105
|
| LOK |
|
|
|0 005 20090223093243
|
| LOK |
|
|
|0 008 070426||||||||||||||||ger|||||||
|
| LOK |
|
|
|0 040
|a DE-Frei85
|c DE-627
|d DE-Frei85
|
| LOK |
|
|
|0 852
|a DE-Frei85
|
| LOK |
|
|
|0 852 1
|m p
|9 00
|
| LOK |
|
|
|0 938
|k p
|
| LOK |
|
|
|0 939
|a 26-04-07
|b l01
|
| ORI |
|
|
|a SA-MARC-krimdoka001.raw
|
| TIM |
|
|
|a 100019100101_100020261231
|b 1910 - 2026
|